Génies en Herbe - 3 - Musique - Statistiques

Statistiques générales
  • Ce quiz a été pris 35 fois
  • Le résultat moyen est 9 sur 15
Statistiques - réponses
Question Réponse % Correct
Comment se nomme une intervalle de 8 degrés entre 2 notes? Octave
88%
Combien de temps dure une blanche pointé? 3
76%
Qui est le compositeur de Fur Elise aussi connu sous le nom de Pour Élise en français? Ludwig Van Beethoven
76%
Parmi les œuvres suivantes, laquelle est de Camille Saint-Saëns Le Carnaval des Animaux
71%
Comment appelle-t-on la personne qui joue du tuba? Tubiste
71%
Quel est le nom de l'instrument le plus grave au monde? Octobasse
65%
Quel ville est surnommée la capitale de la musique? Vienne
65%
Quel est le seul chanteur a avoir gagné un prix Nobel(littérature)? Bob Dylan
59%
Quel instrument a 3 pistons, est fait en laiton et est distinguable à cause de sa plus petite forme comparé aux autres? Trompette
59%
Quel groupe de musique a écrit les albums; Moon Music, Parachutes ou encore Ghost Stories? Coldplay
53%
Comment se nomme les statuettes remises annuellement lors du Gala de l'ADISQ? Félix
53%
Comment s'appelle l’événement de musique qui se passe à Québec chaque été? Festival d'été de Québec
47%
Qui a écrit l'opéra la Traviata Giuseppe Verdi
47%
Parmi les chanson suivantes, laquelle n'en n'est pas une des Cowboys Fringants? La rue principale
41%
Quel groupe de musique a écrit la chanson Everybody wants to rule the world? Tears for Fears
41%
Aucun quiz correspondant
Distribution des résultats
% des personnes avec chaque résultat
Percentile par nombre de réponses
Votre historique - résultats
Vous n’avez pas pris ce quiz